000 00377nam a22001217a 4500
040 _cRUA
082 _aANN OUK 2010 A126 Or.
100 _aOUK MAKARA, អ៊ុក ម៉ាការា
245 _aAnnual Report 2010 , របាយការណ៍ប្រចាំឆ្នាំ២០១០
260 _aPHNOM PENH
_bRUA
_c2010
300 _aiv,
_bill,
_c29cm,
942 _cREC
999 _c25186
_d25186